00752 2200301 4500001002100000005001500021035002000036001002100056005001500077035002000092035002000112245005100132100001800183250001200201300003400213260005300247082001400300084002000314020002200334650001000356700001800366990001100384990001100395990001100406990001100417990001100428990001100439INLIS00000000000193320251224111938 a0010-1225000009INLIS00000000000193020251224084214 a0010-1225000008 a0010-12250000061 aSeporsi Mie Ayam Sebelum Mati /cBrian Khrisna0 aBrian Khrisna aCet. 49 avi, 216 hlm :bilust ;c20 cm aJakarta :bGramedia Widiasarana Indonesia,c2025 a899.221'3 a899.221'3 BRI s a978-602-05-3132-8 4aNovel0 aTrian Lesmana a004000 a003999 a003999 a004000 a004000 a003999